Estimating the efficiency of two algorithms for segmentation of digital radiation images of test objects; Russian Journal of Nondestructive Testing; Vol. 53, iss. 2

Библиографические подробности
Источник:Russian Journal of Nondestructive Testing
Vol. 53, iss. 2.— 2017.— [P. 134–141]
Автор-организация: Национальный исследовательский Томский политехнический университет (ТПУ) Институт неразрушающего контроля (ИНК) Российско-китайская научная лаборатория радиационного контроля и досмотра (РКНЛ РКД)
Другие авторы: Vorobeychikov S. E. Sergey Erikovich, Fokin V. A., Udod V. A. Viktor Anatolievich, Temnik A. K. Anatoly Konstantinovich
Примечания:Title screen
A mathematical model that describes digital radiation images of test objects is presented. Two algorithms are given for automatic segmentation of digital images distorted by additive noises. The efficiency of the algorithms is estimated based on mathematical modeling.
Режим доступа: по договору с организацией-держателем ресурса
Язык:английский
Опубликовано: 2017
Предметы:
Online-ссылка:https://doi.org/10.1134/S1061830917020085
Формат: MixedMaterials Электронный ресурс Статья
Запись в KOHA:https://koha.lib.tpu.ru/cgi-bin/koha/opac-detail.pl?biblionumber=655854

MARC

LEADER 00000naa0a2200000 4500
001 655854
005 20250331115845.0
035 |a (RuTPU)RU\TPU\network\22184 
090 |a 655854 
100 |a 20171009d2017 k||y0rusy50 ba 
101 0 |a eng 
102 |a US 
135 |a drcn ---uucaa 
181 0 |a i  
182 0 |a b 
200 1 |a Estimating the efficiency of two algorithms for segmentation of digital radiation images of test objects  |f S. E. Vorobeychikov [et al.] 
203 |a Text  |c electronic 
300 |a Title screen 
320 |a [References: p. 140-141 (17 tit.)] 
330 |a A mathematical model that describes digital radiation images of test objects is presented. Two algorithms are given for automatic segmentation of digital images distorted by additive noises. The efficiency of the algorithms is estimated based on mathematical modeling. 
333 |a Режим доступа: по договору с организацией-держателем ресурса 
461 |t Russian Journal of Nondestructive Testing 
463 |t Vol. 53, iss. 2  |v [P. 134–141]  |d 2017 
610 1 |a электронный ресурс 
610 1 |a труды учёных ТПУ 
610 1 |a test objects 
610 1 |a mathematical model 
610 1 |a digital radiation image 
610 1 |a segmentation algorithms 
610 1 |a математические модели 
610 1 |a цифровое изображение 
610 1 |a излучения 
610 1 |a алгоритмы 
610 1 |a сегментация 
701 1 |a Vorobeychikov  |b S. E.  |g Sergey Erikovich 
701 1 |a Fokin  |b V. A. 
701 1 |a Udod  |b V. A.  |c specialist in the field of non-destructive testing  |c Leading researcher of Tomsk Polytechnic University, Doctor of technical sciences  |f 1959-  |g Viktor Anatolievich  |3 (RuTPU)RU\TPU\pers\35232 
701 1 |a Temnik  |b A. K.  |c specialist in the field of non-destructive testing  |c senior researcher of Tomsk Polytechnic University  |f 1939-  |g Anatoly Konstantinovich  |3 (RuTPU)RU\TPU\pers\36459  |9 19508 
712 0 2 |a Национальный исследовательский Томский политехнический университет (ТПУ)  |b Институт неразрушающего контроля (ИНК)  |b Российско-китайская научная лаборатория радиационного контроля и досмотра (РКНЛ РКД)  |3 (RuTPU)RU\TPU\col\21551 
801 2 |a RU  |b 63413507  |c 20171009  |g RCR 
856 4 |u https://doi.org/10.1134/S1061830917020085 
942 |c CF